000 00771cab a2200217 4500
001 WB3215-42
008 090401t1996 xxu||||| |||| 00| 0 eng d
035 _a(Sirsi) u69832
041 _aeng
245 _aPFI on way to £14 billion
260 _c1996
350 _a0
490 _aHM Treasury Press Release
_v(59/96) 3 April 1996, (3)
520 _aThe Financial Secretary launched the PFI into its next phase and spoke of its achievements so far; £4.8bn of deals agreed in 1995/6, new procurement guidelines, a promotional tour and new case studies published.
650 _aPRIVATE FINANCE INITIATIVE
650 _aPROCUREMENT GUIDELINES
650 _aPUBLICITY
690 _aPROPERTY-PROPERTY FINANCE AND INVESTMENT
942 _n0
948 _c04/03/1997
999 _c43902
_d43902